História a základná filozofia CAD/CAM systémov

Bibliographic Details
Main Author: Fiala, Jaroslav (Author)
Format: Article
Language:Slovak
PhysicalDescription:Tb. 1. Sch. 2.
Subjects:

MARC

LEADER 00000nab a2200000 a 4500
001 vtls000416300
003 SK-MaSNL
005 20260302234808.0
008 120925c1990 xo 0 slo
015 |a SNBRB19rr/mm-uuuuu 
035 |a CL0416425 
040 |a SNKBUCL  |b slo  |c SNKBUCL  |e AACR2 
041 0 |a slo 
044 |a xo  |c SK 
080 |a 658.5:681.3  |2 1981 
080 |a 681.3  |2 1981 
100 1 |a Fiala, Jaroslav  |4 aut  |9 451155 
245 1 0 |a História a základná filozofia CAD/CAM systémov  |c Jaroslav Fiala 
300 |b Tb. 1. Sch. 2. 
650 0 7 |a systémy CAD/CAM  |2 snkbucl  |9 935064 
655 7 |a články z novín a časopisov  |2 snkbucl  |9 267496 
773 0 |t Technické noviny  |g Roč. 38, č. 29 (1990), s. 5 
850 |a Slovenská národná knižnica v Martine  |a MTA001 
852 |a SNK  |b KIS3GCP 
958 |a RK 
992 |a RBX 
999 |c 1552003  |d 1553933